Guiding light: Jonathan's story (Record no. 30638)

MARC details
000 -LEADER
fixed length control field 00429nam a2200169Ia 4500
020 ## - INTERNATIONAL STANDARD BOOK NUMBER
ISBN 978- 1- 4165- 5902- 3
050 ## - CALL MARK
Classification number PS 3562. O78745G85
100 ## - STATEMENT OF RESPONSIBILITY--MAIN AUTHOR NAME
Personal name Julia London
245 #0 - TITLE STATEMENT
Title Guiding light: Jonathan's story
260 ## - PUBLICATION, DISTRIBUTION, ETC. (IMPRINT)
Name of publisher Pocket books
260 ## - PUBLICATION, DISTRIBUTION, ETC. (IMPRINT)
Year of publication 2007
300 ## - PHYSICAL DESCRIPTION
Number of Pages 342 p
650 ## - SUBJECT ADDED ENTRY--TOPICAL TERM
Topical Term Guiding light (television program)
942 ## - ADDED ENTRY ELEMENTS (KOHA)
Koha item type Books
Holdings
Withdrawn status Lost status Source of classification or shelving scheme Damaged status Not for loan Permanent Location Current Location Date acquired Accession Number Price effective from Koha item type
    Library of Congress Classification     NILE UNIVERSITY OF NIGERIA - MAIN LIBRARY NILE UNIVERSITY OF NIGERIA - MAIN LIBRARY 04/23/2025 0006011 04/23/2025 Books